| 000 | 01188nam a22002777i 4500 | ||
|---|---|---|---|
| 999 |
_c22715 _d22715 |
||
| 003 | AR-CdUCM | ||
| 008 | 231006b20212021pe ||||| |||| 001 0 spa d | ||
| 020 | _a978-612-48745-4-3 | ||
| 040 |
_aMUNICIPALIDAD PROVINCIAL DEL CUSCO _cBIBLIOTECA MUNICIPAL DEL CUSCO |
||
| 041 | _hspa | ||
| 082 |
_a985.04 / M653 _bM653 |
||
| 100 |
_aMiller, John _938365 |
||
| 245 |
_aMemorias del general Miller al servicio de la República del Perú : _bLecturas de la Independencia / |
||
| 260 |
_aLima : _bProyecto Especial del Bicentenario de la Independencia del Perú, _c2021. |
||
| 300 |
_a364 páginas. : _c20 cm. |
||
| 500 | _zBibliografía: página 365 | ||
| 505 | _aLectura de la independencia -- Miller al servicio de Buenos Aires -- Salida al Collao -- El ejercito libertador del Perú -- Miller en Arequipa, batalla de Juni y Ayacucho -- Consecuencias de la capitulación de Ayacucho | ||
| 650 |
_aGuillermo Miller _949122 |
||
| 650 |
_aPatriotas en el Cusco _949123 |
||
| 650 |
_aBolívar en Perú _949124 |
||
| 650 |
_aToma de Valdivia _949125 |
||
| 650 |
_aExpedición de Cochrane _949126 |
||
| 856 | _fwww.bicentenario.gob.pe | ||
| 942 |
_2ddc _cLIBROS |
||
| 945 |
_apebm _d2023-10-06 |
||